000 01149nam a22003737a 4500
001 0051313
003 KOHA_MİRAKIL
005 20260207003801.0
007 ta
008 150629b2013 tu |||gr||||#||||0|tur |
020 _a9786051334660
040 _aTR-BiSEU
_btur
_cTR-BiSEU
_erda
041 0 _atur
044 _ctu
050 _aBD111
_b.B65 2013
100 1 _aBolay, Süleyman Hayri.
245 1 _aAristo ve Gazzali metafizikleri/
_cSüleyman Hayri Bolay ; Süleyman Hayri Bolay.
250 _aGözden geçirilmiş 6. baskı
264 1 _aAnkara :
_bNobel Yayın Dağıtım
_c2013
300 _aVIII, 352 sayfa; 21 cm.
336 _ametin
_btxt
_2rdacontent
337 _aaracısız
_bn
_2rdamedia
338 _acilt
_bnc
_2rdacarrier
490 1 _aNobel Yayın Nu ;
_v 564.
490 1 _a Sosyal Bilimler Nu ;
_v 40.
500 _aKaynakça var.
650 0 _aAristo.
_995338
650 0 _aGazzali.
_984003
650 0 _aMetafizik--Karşılaştırma.
_995339
650 0 _aMetaphysics--History.
_995340
830 1 _aNobel Yayın Nu ;
_v 564.
_995341
830 1 _a Sosyal Bilimler Nu ;
_v 40.
_995342
942 _2lcc
_cBK
999 _c51137
_d51137